[Event "Northern California International"]
[Site "?"]
[Date "2012.01.05"]
[Round "5"]
[White "Sevillano, Enrico"]
[Black "Mandizha, Farai"]
[Result "1/2-1/2"]
[WhiteElo "2490"]
[BlackElo "2404"]
[PlyCount "171"]
[SourceDate "2012.01.05"]

1. e4 c5 2. c3 d5 3. exd5 Qxd5 4. d4 cxd4 5. cxd4 Nf6 6. Nc3 Qa5 7. Nf3 e6 8.
Bd3 Be7 9. O-O O-O 10. a3 Rd8 11. b4 Qh5 12. Bg5 Nc6 13. Ne2 Bd6 14. Ng3 Bxg3
15. fxg3 h6 16. Bxf6 gxf6 17. b5 Nxd4 18. Nxd4 Qc5 19. Qg4+ Kf8 20. Kh1 Rxd4
21. Qf3 f5 22. Be2 Re4 23. Qh5 Qe3 24. Bf3 Rc4 25. Rad1 Qg5 26. Qxg5 hxg5 27.
Rd8+ Ke7 28. Rfd1 g4 29. Be2 Rc2 30. Bf1 b6 31. Kg1 Rc7 32. h4 Bb7 33. R8d4 Be4
34. Bd3 Bb7 35. Bf1 Rac8 36. a4 Kf6 37. a5 Bd5 38. axb6 axb6 39. Kf2 Ra8 40.
R1d2 Ke5 41. R4d3 Ra1 42. Rd1 Rc2+ 43. R3d2 Raa2 44. Rxc2 Rxc2+ 45. Kg1 Kd6 46.
Ra1 e5 47. Ra6 Kc7 48. Ra7+ Kd6 49. Ra6 e4 50. Rxb6+ Ke5 51. Rb8 e3 52. b6 Rb2
53. h5 Rb1 54. Re8+ Kf6 55. h6 Kg6 56. Kh2 Kxh6 57. b7 Bxb7 58. Rxe3 f4 59. Re7
Bd5 60. Re5 Bc6 61. Rf5 Rxf1 62. Rf6+ Kg5 63. Rxc6 fxg3+ 64. Kxg3 f5 65. Rc5
Rd1 66. Ra5 Rb1 67. Rc5 Rb3+ 68. Kh2 Rb2 69. Kg3 Re2 70. Ra5 Kf6 71. Ra6+ Re6
72. Ra8 Rd6 73. Rf8+ Kg5 74. Rg8+ Rg6 75. Rf8 Rg7 76. Kf2 f4 77. g3 f3 78. Ra8
Re7 79. Rg8+ Kf5 80. Rf8+ Kg6 81. Rg8+ Rg7 82. Ra8 Kf6 83. Rf8+ Ke5 84. Rf4 Ke6
85. Kf1 Rg5 86. Kf2 1/2-1/2

[Event "Northern California International"]
[Site "?"]
[Date "2012.01.05"]
[Round "5"]
[White "de Guzman, Ricardo"]
[Black "Studen, Damir"]
[Result "1-0"]
[WhiteElo "2393"]
[BlackElo "2248"]
[PlyCount "51"]
[SourceDate "2012.01.05"]

1. d4 Nf6 2. Nf3 d5 3. Bg5 e6 4. Nbd2 c5 5. e3 Nc6 6. c3 Be7 7. Bd3 O-O 8. a3
b6 9. b4 a6 10. Rc1 Qc7 11. O-O e5 12. e4 Be6 13. dxe5 Ng4 14. Bf4 Ngxe5 15.
Nxe5 Nxe5 16. exd5 Bxd5 17. Re1 Bd6 18. Bxe5 Bxe5 19. Qh5 Bxh2+ 20. Kh1 f5 21.
Bxf5 g6 22. Bxg6 hxg6 23. Qxd5+ Kg7 24. Nf3 Bf4 25. Rcd1 Rf7 26. Qxa8 1-0

[Event "Northern California International"]
[Site "?"]
[Date "2012.01.05"]
[Round "6"]
[White "Arnold, Marc"]
[Black "Jayakumar, Adarsh"]
[Result "1-0"]
[WhiteElo "2482"]
[BlackElo "2197"]
[PlyCount "85"]
[SourceDate "2012.01.05"]

1. g3 d5 2. Bg2 Nf6 3. d3 c6 4. Nd2 e5 5. e4 Bd6 6. Ngf3 O-O 7. O-O Be6 8. h3
dxe4 9. dxe4 Na6 10. Qe2 b5 11. b3 Nc5 12. Bb2 Nfd7 13. Rfd1 Qe7 14. Nf1 f6 15.
Nh4 g6 16. Ne3 a5 17. Rd2 Nb6 18. Rad1 Bc7 19. Nd5 cxd5 20. exd5 Nxd5 21. Bxd5
Rab8 22. a4 Kh8 23. axb5 Bxh3 24. Bg2 Bxg2 25. Nxg2 Ne6 26. Ne3 Qb4 27. c4 Bb6
28. Nd5 Qxb3 29. Nxb6 Rxb6 30. Qd3 Qxd3 31. Rxd3 Nc5 32. Rd6 Rbb8 33. Rc6 Na4
34. Ba3 Rfc8 35. Rdd6 Rxc6 36. Rxc6 Kg7 37. Rc7+ Kg8 38. Bd6 Rb6 39. Ba3 Rb8
40. Ra7 Nb6 41. Bd6 Rd8 42. c5 Nd5 43. b6 1-0

[Event "Northern California International"]
[Site "?"]
[Date "2012.01.05"]
[Round "6"]
[White "Byambaa, Uyanga"]
[Black "Kavutskiy, Konstantin"]
[Result "0-1"]
[WhiteElo "2118"]
[BlackElo "2315"]
[PlyCount "80"]
[SourceDate "2012.01.05"]

1. e4 e6 2. Nf3 d5 3. Nc3 Nf6 4. e5 Nfd7 5. d4 c5 6. dxc5 Nc6 7. Bf4 Nxc5 8.
Bd3 Be7 9. O-O a6 10. Re1 b5 11. a3 Bb7 12. b4 Nxd3 13. cxd3 g5 14. Bg3 h5 15.
h3 h4 16. Bh2 Qb6 17. d4 O-O-O 18. Rc1 Rhg8 19. g4 hxg3 20. Bxg3 g4 21. hxg4
Rxg4 22. Kg2 Kb8 23. Ne2 Rdg8 24. Rh1 a5 25. bxa5 Nxa5 26. a4 b4 27. Rb1 Ba6
28. Rh7 R4g7 29. Rxg7 Rxg7 30. Nf4 b3 31. Nd3 Rg8 32. Nc1 Bc4 33. Nd2 b2 34.
Qc2 Ba3 35. Qc3 bxc1=Q 36. Rxb6+ Nb7 37. Qf3 Rh8 38. Rb1 Bf1+ 39. Kg1 Be2+ 40.
Rxc1 Bxf3 0-1

[Event "Northern California International"]
[Site "?"]
[Date "2012.01.05"]
[Round "6"]
[White "Friedel, Josh"]
[Black "Troff, Kayden"]
[Result "1/2-1/2"]
[WhiteElo "2523"]
[BlackElo "2257"]
[PlyCount "89"]
[SourceDate "2012.01.05"]

1. c4 Nf6 2. Nc3 e5 3. Nf3 Nc6 4. g3 Nd4 5. Bg2 Nxf3+ 6. Bxf3 Bb4 7. Qb3 Bc5 8.
O-O O-O 9. Na4 Be7 10. d4 exd4 11. Rd1 d6 12. Rxd4 Nd7 13. Bf4 Bf6 14. Rd2 Qe7
15. c5 Nxc5 16. Nxc5 dxc5 17. Rc1 Bg5 18. Bxg5 Qxg5 19. Rdc2 c6 20. Rxc5 Qe7
21. a4 Be6 22. Qc3 Rad8 23. b4 Qd7 24. h4 h6 25. b5 cxb5 26. axb5 b6 27. Re5
Qd4 28. Qxd4 Rxd4 29. Ra1 Rd7 30. Re4 Rfd8 31. Rea4 Rd1+ 32. Kh2 Rxa1 33. Rxa1
Bd7 34. Bc6 Bxc6 35. bxc6 Rc8 36. Rxa7 Rxc6 37. Kg2 Kf8 38. Rb7 h5 39. e4 g6
40. Kf3 Kg7 41. e5 Kg8 42. Ke4 Rc2 43. f3 Rc4+ 44. Ke3 Rb4 45. Kd3 1/2-1/2

[Event "Northern California International"]
[Site "?"]
[Date "2012.01.05"]
[Round "6"]
[White "Gurevich, Daniel"]
[Black "Rodriguez, Eric"]
[Result "1/2-1/2"]
[WhiteElo "2192"]
[BlackElo "2352"]
[PlyCount "116"]
[SourceDate "2012.01.05"]

1. e4 c5 2. Nf3 d6 3. d4 cxd4 4. Nxd4 Nf6 5. Nc3 e6 6. g4 h6 7. Bg2 Nc6 8. h3
g5 9. Be3 Ne5 10. Qe2 a6 11. O-O-O Bd7 12. f4 gxf4 13. Bxf4 Rc8 14. Rhf1 Be7
15. Kb1 b5 16. Nd5 Ng8 17. Nxe7 Qxe7 18. Bxe5 dxe5 19. Nf3 f6 20. h4 Rc5 21.
Rd2 Rh7 22. Rfd1 Bc8 23. Qe3 Rg7 24. g5 hxg5 25. hxg5 Rc7 26. Bf1 Qc5 27. Qxc5
Rxc5 28. gxf6 Nxf6 29. Bd3 a5 30. Bxb5+ Rxb5 31. Rd8+ Ke7 32. Rxc8 Nxe4 33. a4
Rb7 34. Nxe5 Kf6 35. Nd3 Rgc7 36. Rxc7 Rxc7 37. Rf1+ Ke7 38. Rf4 Nd2+ 39. Kc1
Nc4 40. Re4 Kd6 41. b3 Nb6 42. Kd2 Nd5 43. c4 Nb4 44. Nxb4 axb4 45. Rd4+ Kc5
46. Rd8 Rh7 47. Rb8 Rh2+ 48. Ke1 e5 49. Rd8 Rb2 50. Rd5+ Kc6 51. Rxe5 Rxb3 52.
Kd2 Rc3 53. Rb5 Rxc4 54. Kd3 Rh4 55. Kc2 Rg4 56. Kb3 Rh4 57. Rxb4 Rxb4+ 58.
Kxb4 Kb6 1/2-1/2

[Event "Northern California International"]
[Site "?"]
[Date "2012.01.05"]
[Round "6"]
[White "Haessel, Dale"]
[Black "Iyengar, Udit"]
[Result "0-1"]
[WhiteElo "2190"]
[BlackElo "1991"]
[PlyCount "48"]
[SourceDate "2012.01.05"]

1. d4 d5 2. c4 e6 3. Nf3 Nf6 4. Nc3 Nbd7 5. Bg5 c6 6. e3 Qa5 7. cxd5 exd5 8.
Rc1 Ne4 9. Bd3 Nxg5 10. Nxg5 Nf6 11. O-O h6 12. Nf3 Bd6 13. Qe1 Qd8 14. e4 dxe4
15. Nxe4 O-O 16. Nxd6 Qxd6 17. h3 Be6 18. b3 Rad8 19. Qa5 a6 20. Rfd1 Nd5 21.
Ne5 Nf4 22. Bf1 Bd5 23. Qb6 Qe7 24. Rc3 Bxg2 0-1

[Event "Northern California International"]
[Site "?"]
[Date "2012.01.05"]
[Round "6"]
[White "Hunt, Adam"]
[Black "de Guzman, Ricardo"]
[Result "0-1"]
[WhiteElo "2462"]
[BlackElo "2393"]
[PlyCount "132"]
[SourceDate "2012.01.05"]

1. e4 e5 2. Nf3 Nc6 3. Bb5 a6 4. Ba4 Nf6 5. O-O Be7 6. Qe2 b5 7. Bb3 O-O 8. c3
d6 9. Rd1 Na5 10. Bc2 c5 11. d3 Re8 12. Nbd2 Bf8 13. Nf1 g6 14. Ng3 Bg7 15. h3
Qc7 16. Nh2 d5 17. Ng4 Nxg4 18. hxg4 d4 19. Bd2 Be6 20. cxd4 Nc6 21. Be3 Nxd4
22. Bxd4 exd4 23. Nf1 c4 24. g3 Rad8 25. Re1 Qd7 26. Nh2 c3 27. b3 f5 28. gxf5
gxf5 29. Rad1 Qf7 30. f4 b4 31. Nf3 Qg6 32. Kf2 h6 33. Rh1 a5 34. Rb1 Qf7 35.
e5 Qa7 36. Rh5 Qf7 37. Rh2 Bf8 38. Rbh1 Qg6 39. Nh4 Qf7 40. Nf3 Qg6 41. Nh4 Qg4
42. Nf3 a4 43. Bd1 axb3 44. Bxb3 Bxb3 45. axb3 Ra8 46. Rg1 Ra6 47. Rh4 Qg6 48.
g4 Kf7 49. g5 h5 50. e6+ Raxe6 51. Ne5+ Kg8 52. Rxh5 Bg7 53. Rh6 Qf7 54. Qf3
Bxe5 55. fxe5 Rxe5 56. Rgh1 Re2+ 57. Qxe2 Rxe2+ 58. Kxe2 Qe7+ 59. Kd1 Qe3 60.
Rh8+ Kg7 61. R8h7+ Kg6 62. R7h6+ Kxg5 63. R6h5+ Kg6 64. R5h2 Qxd3+ 65. Kc1 Qe3+
66. Kb1 d3 0-1

[Event "Northern California International"]
[Site "?"]
[Date "2012.01.05"]
[Round "6"]
[White "Liou, Yian"]
[Black "Liu, Daniel"]
[Result "1-0"]
[WhiteElo "2283"]
[BlackElo "2049"]
[PlyCount "89"]
[SourceDate "2012.01.05"]

1. e4 c5 2. Nf3 Nc6 3. d4 cxd4 4. Nxd4 g6 5. c4 Bg7 6. Be3 Nf6 7. Nc3 Ng4 8.
Qxg4 Nxd4 9. Qd1 Ne6 10. Rc1 Qa5 11. a3 b6 12. Qd2 Bb7 13. f3 g5 14. Be2 h5 15.
O-O h4 16. Rfd1 d6 17. Nd5 Qxd2 18. Rxd2 Be5 19. b4 Rc8 20. Rcc2 Bf4 21. Nxf4
gxf4 22. Bf2 f6 23. Ra2 Kf7 24. h3 Rc7 25. a4 Rh5 26. Rd1 Ba6 27. Rc1 Kg6 28.
Rcc2 Kf7 29. Rc1 Bb7 30. Ra3 Ba6 31. Rcc3 Bc8 32. Rd3 Bb7 33. Rd1 Kg6 34. Rda1
Bc6 35. Bd3 Kf7 36. a5 b5 37. a6 Ke8 38. cxb5 Ba8 39. b6 axb6 40. Bxb6 Rc8 41.
Bf2 Nc7 42. Rc3 Kd7 43. Rac1 Rhh8 44. b5 f5 45. b6 1-0

[Event "Northern California International"]
[Site "?"]
[Date "2012.01.05"]
[Round "6"]
[White "Mandizha, Farai"]
[Black "Bachmann, Axel"]
[Result "0-1"]
[WhiteElo "2404"]
[BlackElo "2560"]
[PlyCount "128"]
[SourceDate "2012.01.05"]

1. g3 c5 2. Bg2 Nc6 3. Nf3 g6 4. d4 cxd4 5. Nxd4 Bg7 6. Nb3 Nf6 7. Nc3 O-O 8.
O-O d6 9. a4 Be6 10. a5 a6 11. Nd4 Nxd4 12. Qxd4 Nd5 13. Qd3 Nxc3 14. bxc3 Qc7
15. Ra3 Bc4 16. Qf3 d5 17. Rd1 e6 18. h4 Rad8 19. Be3 Qd6 20. Rda1 f5 21. h5
Rc8 22. hxg6 hxg6 23. Bb6 Bb5 24. Rb3 Rc4 25. Rd1 Rfc8 26. Qe3 Ba4 27. Bd4 Bxd4
28. Rxd4 Bxb3 29. cxb3 Rxd4 30. Qxd4 Qe7 31. e3 Kf7 32. Bf1 Qc5 33. Qa4 Rd8 34.
Qh4 Rg8 35. c4 Qxa5 36. cxd5 Qxd5 37. Bc4 Qe5 38. Qh1 Qa1+ 39. Bf1 Rb8 40. Qh7+
Qg7 41. Qh4 Re8 42. Qb4 Re7 43. Qb6 Qe5 44. Bc4 Qc7 45. Qd4 b5 46. Be2 Re8 47.
Bf3 e5 48. Qh4 Qe7 49. Qh7+ Kf6 50. Qh4+ Kg7 51. Qh3 Qb4 52. Qf1 Qxb3 53. Qc1
Qe6 54. Qc7+ Re7 55. Qc5 Rd7 56. Kg2 Qd6 57. Qc8 b4 58. e4 fxe4 59. Bxe4 Rf7
60. Qe8 b3 61. f3 Rf8 62. Qa4 Qd2+ 63. Kh3 Rh8+ 64. Kg4 Rh4+ 0-1

[Event "Northern California International"]
[Site "?"]
[Date "2012.01.05"]
[Round "6"]
[White "Manvelyan, Hayk"]
[Black "Inumerable, Florentino"]
[Result "1-0"]
[WhiteElo "2202"]
[BlackElo "2154"]
[PlyCount "83"]
[SourceDate "2012.01.05"]

1. d4 g6 2. c4 Bg7 3. Nc3 c5 4. d5 d6 5. Nf3 Nf6 6. e4 e5 7. h3 a6 8. Be3 O-O
9. g4 b5 10. cxb5 axb5 11. Bxb5 Qa5 12. Nd2 Na6 13. O-O Qd8 14. f3 Ne8 15. Nc4
f5 16. Bc6 Rb8 17. Nb5 Nac7 18. a4 f4 19. Bf2 Ba6 20. Nca3 Bf6 21. Qe1 h5 22.
Qa5 Bxb5 23. axb5 hxg4 24. hxg4 Bh4 25. Qe1 Bxf2+ 26. Qxf2 Qg5 27. Qe2 Kg7 28.
Rf2 Rh8 29. Rh2 Nf6 30. b6 Rxb6 31. Rxh8 Kxh8 32. Nc4 Rb3 33. Nxd6 Qh4 34. Qh2
Qxh2+ 35. Kxh2 Rxf3 36. Nf7+ Kg7 37. Nxe5 Rf2+ 38. Kg1 Rxb2 39. Ra7 Nfe8 40.
Bxe8 Kf8 41. Rxc7 Kxe8 42. d6 1-0

[Event "Northern California International"]
[Site "?"]
[Date "2012.01.05"]
[Round "6"]
[White "Margvelashvili, Giorgi"]
[Black "Ishkhanov, Tigran"]
[Result "1-0"]
[WhiteElo "2531"]
[BlackElo "2350"]
[PlyCount "71"]
[SourceDate "2012.01.05"]

1. d4 e6 2. c4 d5 3. Nc3 Be7 4. cxd5 exd5 5. Bf4 c6 6. e3 Bd6 7. Bg3 Ne7 8. Nf3
b6 9. Bd3 Ba6 10. Bxa6 Nxa6 11. Qa4 Bxg3 12. hxg3 Nc7 13. O-O-O a5 14. Qc2 h6
15. Kb1 Ne6 16. g4 f6 17. e4 O-O 18. e5 f5 19. gxf5 Rxf5 20. Ne2 Qd7 21. Qb3
Rff8 22. Qe3 a4 23. Nh4 a3 24. b3 c5 25. f4 cxd4 26. Qh3 Rad8 27. g3 Nc6 28.
Nf3 Qf7 29. Qg4 Kh8 30. Rh2 d3 31. Rdh1 dxe2 32. Rxh6+ gxh6 33. Rxh6+ Qh7+ 34.
Rxh7+ Kxh7 35. Qxe6 Nd4 36. Ng5+ 1-0

[Event "Northern California International"]
[Site "?"]
[Date "2012.01.05"]
[Round "6"]
[White "Meier, Georg"]
[Black "Aleskerov, Faik"]
[Result "1/2-1/2"]
[WhiteElo "2671"]
[BlackElo "2362"]
[PlyCount "62"]
[SourceDate "2012.01.05"]

1. Nf3 b6 2. g3 Bb7 3. Bg2 e5 4. c4 Nf6 5. O-O d6 6. Nc3 Be7 7. d4 Nbd7 8. d5
O-O 9. Nh4 g6 10. Bh6 Re8 11. e4 Bf8 12. Be3 c5 13. dxc6 Bxc6 14. b4 a5 15. a3
axb4 16. axb4 Rxa1 17. Qxa1 Qa8 18. f3 Qxa1 19. Rxa1 Ra8 20. Rxa8 Bxa8 21. Bh3
d5 22. cxd5 Bxb4 23. Nb5 Bb7 24. Bg2 Ba6 25. Nc7 Bc4 26. g4 g5 27. Bxg5 Bd6 28.
Na8 Nxd5 29. exd5 Bxd5 30. Nxb6 Nxb6 31. Kf2 e4 1/2-1/2

[Event "Northern California International"]
[Site "?"]
[Date "2012.01.05"]
[Round "6"]
[White "Remlinger, Larry"]
[Black "Lobo, Richard"]
[Result "1-0"]
[WhiteElo "2402"]
[BlackElo "2251"]
[PlyCount "79"]
[SourceDate "2012.01.05"]

1. d4 Nf6 2. c4 e6 3. Nc3 d5 4. cxd5 exd5 5. Bg5 Be7 6. e3 Nbd7 7. Bd3 c6 8.
Qc2 Nf8 9. Nge2 Ne6 10. Bh4 g6 11. f3 O-O 12. Rd1 Nh5 13. Bf2 f5 14. O-O Bh4
15. g3 Bf6 16. Kg2 Bg7 17. h3 Qg5 18. f4 Qe7 19. Kh2 Nf6 20. Ng1 Ne4 21. Nf3
Bd7 22. Rg1 Kh8 23. Rg2 Rac8 24. Qb3 Be8 25. Rdg1 Bf7 26. Be1 Rfd8 27. g4 Bf6
28. Ne2 b6 29. gxf5 gxf5 30. Ng3 Ng7 31. Ne5 Be6 32. Qd1 Qe8 33. Be2 c5 34.
Nxe4 dxe4 35. Bh4 Bxh4 36. Rxg7 cxd4 37. exd4 Bf2 38. R1g2 Bxd4 39. Qe1 Bxe5
40. Rxh7+ 1-0

[Event "Northern California International"]
[Site "?"]
[Date "2012.01.05"]
[Round "6"]
[White "Sarkar, Justin"]
[Black "Betaneli, Alex"]
[Result "1/2-1/2"]
[WhiteElo "2370"]
[BlackElo "2266"]
[PlyCount "27"]
[SourceDate "2012.01.05"]

1. d4 d5 2. c4 e6 3. Nc3 Be7 4. cxd5 exd5 5. Bf4 Nf6 6. e3 O-O 7. Bd3 c5 8.
dxc5 Bxc5 9. Nge2 Nc6 10. O-O d4 11. exd4 Nxd4 12. Nxd4 Qxd4 13. Be3 Qe5 14.
Bxc5 1/2-1/2

[Event "Northern California International"]
[Site "?"]
[Date "2012.01.05"]
[Round "6"]
[White "Sevian, Samuel"]
[Black "Macieja, Bartlomiej"]
[Result "1/2-1/2"]
[WhiteElo "2185"]
[BlackElo "2617"]
[PlyCount "186"]
[SourceDate "2012.01.05"]

1. e4 c5 2. Nf3 Nc6 3. Nc3 g6 4. d4 cxd4 5. Nxd4 Bg7 6. Be3 Nf6 7. Bc4 O-O 8.
Bb3 d6 9. f3 Bd7 10. Qd2 Nxd4 11. Bxd4 b5 12. h4 a5 13. a3 e6 14. Rd1 Qb8 15.
h5 b4 16. axb4 a4 17. Ba2 Qxb4 18. g4 a3 19. bxa3 Rxa3 20. hxg6 hxg6 21. Bb3
Rc8 22. Ne2 Qxd2+ 23. Rxd2 Ne8 24. Bxg7 Kxg7 25. Kf2 Ba4 26. Bxa4 Rxa4 27. c3
g5 28. Rb1 Ra5 29. Rb7 Kf6 30. Ke3 Rac5 31. Rd1 R5c7 32. Rb5 Rc5 33. Rb7 R8c7
34. Rb8 Ke7 35. Rb6 Rd7 36. Rb4 Nf6 37. Rdb1 Rdc7 38. Rb7 d5 39. Rxc7+ Rxc7 40.
exd5 Nxd5+ 41. Kd3 Kf6 42. c4 Ne7 43. Nc3 Ke5 44. Re1+ Kf6 45. Ne4+ Kg6 46. c5
Ra7 47. Rc1 Nc6 48. Nd6 Ra4 49. Rc3 Nb4+ 50. Kd4 Nd5+ 51. Rc4 Ra3 52. c6 Rxf3
53. Kc5 Rf4 54. Rc1 Rxg4 55. Nb5 Ra4 56. Kd6 Ra8 57. Rc4 Rd8+ 58. Ke5 Ne7 59.
Nc3 Nxc6+ 60. Rxc6 Rd3 61. Ke4 Rh3 62. Nd1 Rh4+ 63. Kf3 Rf4+ 64. Kg3 Re4 65.
Kf3 Re5 66. Ne3 Ra5 67. Rb6 Ra3 68. Kf2 Kf6 69. Ng4+ Kf5 70. Ne3+ Kg6 71. Kf3
g4+ 72. Kf4 Ra4+ 73. Kg3 Kg5 74. Ng2 Ra3+ 75. Kf2 e5 76. Rb8 g3+ 77. Ke2 f5 78.
Rg8+ Kf6 79. Rf8+ Ke6 80. Re8+ Kd5 81. Ne3+ Ke4 82. Rxe5+ Kxe5 83. Nc4+ Ke4 84.
Nxa3 f4 85. Nc2 f3+ 86. Kf1 Kd3 87. Ne1+ Ke3 88. Ng2+ Ke4 89. Kg1 Kd4 90. Nh4
Ke3 91. Nxf3 Kxf3 92. Kf1 g2+ 93. Kg1 Kg3 1/2-1/2

[Event "Northern California International"]
[Site "?"]
[Date "2012.01.05"]
[Round "6"]
[White "Shahade, Greg"]
[Black "Shankland, Sam"]
[Result "0-1"]
[WhiteElo "2463"]
[BlackElo "2565"]
[PlyCount "48"]
[SourceDate "2012.01.05"]

1. d4 Nf6 2. c4 g6 3. Nc3 d5 4. Bf4 Bg7 5. e3 O-O 6. Nf3 c5 7. dxc5 Qa5 8. Rc1
Nbd7 9. cxd5 Ne4 10. Nd2 Ndxc5 11. Ncxe4 Nxe4 12. f3 Nxd2 13. Qxd2 Qxa2 14. b4
Qa3 15. Kf2 Bd7 16. Be2 Rfc8 17. e4 Bc3 18. Qd3 Bxb4 19. Qxa3 Bxa3 20. Rb1 b6
21. Be3 Rc2 22. Rb3 Ra2 23. Rhb1 Rc8 24. Kf1 Ba4 0-1

[Event "Northern California International"]
[Site "?"]
[Date "2012.01.05"]
[Round "6"]
[White "Smith, Bryan"]
[Black "Shivaji, Shivkumar"]
[Result "1-0"]
[WhiteElo "2460"]
[BlackElo "2295"]
[PlyCount "81"]
[SourceDate "2012.01.05"]

1. e4 e6 2. d4 d5 3. Nc3 Nf6 4. e5 Nfd7 5. f4 c5 6. Nf3 Nc6 7. Be3 a6 8. Qd2 b5
9. Be2 Bb7 10. O-O Qb6 11. Nd1 cxd4 12. Nxd4 Nxd4 13. Bxd4 Qxd4+ 14. Qxd4 Bc5
15. c3 Ke7 16. Ne3 Bxd4 17. cxd4 g6 18. g4 h5 19. gxh5 gxh5 20. h4 f6 21. Kh2
Rag8 22. Rg1 Nb8 23. Rxg8 Rxg8 24. Rg1 Rf8 25. Rg7+ Rf7 26. Rxf7+ Kxf7 27.
Bxh5+ Kg7 28. Kg3 Nc6 29. Nc2 Bc8 30. Kf2 Ne7 31. Bg4 Ng6 32. Kg3 Ne7 33. h5
Ng8 34. Nb4 Nh6 35. Bh3 fxe5 36. fxe5 Nf7 37. Nxd5 Ng5 38. Nc7 Kh6 39. Bg4 Ne4+
40. Kf4 Nf2 41. Bxe6 1-0

[Event "Northern California International"]
[Site "?"]
[Date "2012.01.05"]
[Round "6"]
[White "Studen, Damir"]
[Black "Bryant, John"]
[Result "0-1"]
[WhiteElo "2248"]
[BlackElo "2401"]
[PlyCount "58"]
[SourceDate "2012.01.05"]

1. d4 Nf6 2. c4 c5 3. e3 g6 4. Nc3 Bg7 5. Nf3 O-O 6. e4 cxd4 7. Nxd4 Nc6 8. Be3
Ng4 9. Qxg4 Nxd4 10. Qd1 Ne6 11. Qd2 Qa5 12. f3 Bxc3 13. bxc3 b6 14. Rc1 Ba6
15. Qxd7 Qxa2 16. Qxe7 Bxc4 17. Bxc4 Qxc4 18. Qb4 Rfc8 19. Qxc4 Rxc4 20. Kd2 b5
21. Rb1 Rd8+ 22. Kc2 Rdc8 23. Bxa7 Rxc3+ 24. Kd1 Rc2 25. Rg1 Ra2 26. Be3 Rc3
27. Bb6 Nf4 28. g3 Rd3+ 29. Ke1 Re2+ 0-1

[Event "Northern California International"]
[Site "?"]
[Date "2012.01.05"]
[Round "6"]
[White "Vasudeva, Tanuj"]
[Black "Rabin, Evan"]
[Result "0-1"]
[WhiteElo "2100"]
[BlackElo "2035"]
[PlyCount "72"]
[SourceDate "2012.01.05"]

1. e4 Nf6 2. e5 Nd5 3. c4 Nb6 4. d4 d6 5. exd6 cxd6 6. Nc3 g6 7. b3 Bg7 8. Be3
O-O 9. Rc1 Bf5 10. Nf3 Bg4 11. Be2 Nc6 12. h3 Bxf3 13. Bxf3 e6 14. O-O d5 15.
c5 Nc8 16. Qd2 N8e7 17. Ne2 Nf5 18. g3 b6 19. b4 bxc5 20. Rxc5 Qb6 21. a3 Nd6
22. Rfc1 Ne7 23. Rc7 Rae8 24. R7c5 Nc4 25. Qd3 Nf5 26. Rb1 Bf6 27. h4 Nfxe3 28.
fxe3 Be7 29. Nf4 Bxc5 30. dxc5 Qb8 31. Kf2 Qe5 32. b5 g5 33. Ne2 Qf6 34. Qd4
Ne5 35. Ng1 g4 36. e4 gxf3 0-1

[Event "Northern California International"]
[Site "?"]
[Date "2012.01.05"]
[Round "6"]
[White "Xiong, Jeffery"]
[Black "Guerrero, Alejandra"]
[Result "1-0"]
[WhiteElo "2097"]
[BlackElo "2048"]
[PlyCount "91"]
[SourceDate "2012.01.05"]

1. e4 e6 2. d4 d5 3. Nd2 c5 4. exd5 Qxd5 5. Ngf3 cxd4 6. Bc4 Qd6 7. O-O Nf6 8.
Nb3 Nc6 9. Nbxd4 Nxd4 10. Nxd4 a6 11. a4 Qc7 12. Qe2 Bd6 13. h3 Qc5 14. Be3 Qe5
15. f4 Qh5 16. Rad1 Qxe2 17. Nxe2 Be7 18. g4 Bd7 19. Bb3 Rc8 20. Nc3 Bc6 21. f5
exf5 22. g5 Ne4 23. Rxf5 f6 24. Nd5 Bd7 25. Rf3 Rf8 26. Bd4 Bc5 27. Nb6 Rc7 28.
Bd5 f5 29. Bxc5 Nxc5 30. Re3+ Kd8 31. b4 Ne4 32. Bxe4 fxe4 33. Rxe4 Re8 34.
Red4 Re7 35. c4 Ke8 36. Nxd7 Rexd7 37. Rxd7 Rxd7 38. Rxd7 Kxd7 39. Kf2 a5 40.
bxa5 Kd6 41. Ke3 Kc5 42. Kd3 Kb4 43. a6 bxa6 44. Kd4 Kxa4 45. c5 Kb5 46. Kd5
1-0

[Event "Northern California International"]
[Site "?"]
[Date "2012.01.05"]
[Round "6"]
[White "Young, Angelo"]
[Black "Evans, Bela"]
[Result "1/2-1/2"]
[WhiteElo "2325"]
[BlackElo "2262"]
[PlyCount "144"]
[SourceDate "2012.01.05"]

1. d4 f5 2. g3 Nf6 3. Bg2 g6 4. Nh3 Bg7 5. c3 Nc6 6. d5 Ne5 7. Nf4 c6 8. Na3
Qb6 9. O-O O-O 10. c4 c5 11. Qc2 d6 12. Rb1 a6 13. Bd2 Qc7 14. Rbe1 Rb8 15. Nd3
Bd7 16. Nxe5 dxe5 17. b4 b6 18. Rb1 e6 19. Rfc1 f4 20. bxc5 bxc5 21. Rxb8 Rxb8
22. Rb1 Kf7 23. Rxb8 Qxb8 24. Qb3 Qxb3 25. dxe6+ Bxe6 26. axb3 fxg3 27. hxg3
Bc8 28. Nb1 Bf5 29. Na3 Be4 30. Be3 Bxg2 31. Kxg2 Bf8 32. Nb1 Ke6 33. Nc3 h6
34. Na4 Nd7 35. Kf3 h5 36. Nc3 Nf6 37. Bg5 Ng4 38. Nd5 Bd6 39. e4 Kd7 40. Kg2
Bf8 41. f3 Nh6 42. Kh3 Nf7 43. Kh4 Kd6 44. g4 hxg4 45. Kxg4 Nh6+ 46. Kh4 Nf7
47. Be3 Kc6 48. Kg4 Kd6 49. f4 Bh6 50. f5 Bxe3 51. Nxe3 gxf5+ 52. Kxf5 Nd8 53.
Kf6 Nc6 54. Nf5+ Kd7 55. Nh6 Nd4 56. Nf7 Nxb3 57. Nxe5+ Ke8 58. Nd3 a5 59. Nb2
Nd2 60. e5 Ne4+ 61. Ke6 Nc3 62. Nd3 Nd1 63. Nxc5 Ne3 64. Kf6 Nxc4 65. e6 Ne3
66. Ne4 Ng4+ 67. Kf5 Ke7 68. Nc5 Ne3+ 69. Ke4 Ng4 70. Kf4 Nf6 71. Ke5 Ne8 72.
Kd5 Nc7+ 1/2-1/2

[Event "Northern California International"]
[Site "?"]
[Date "2012.01.06"]
[Round "7"]
[White "Bachmann, Axel"]
[Black "Arnold, Marc"]
[Result "0-1"]
[WhiteElo "2560"]
[BlackElo "2482"]
[PlyCount "110"]
[EventDate "2012.01.06"]
[SourceDate "2012.01.05"]

1. e4 c5 2. Nc3 d6 3. f4 e6 4. Nf3 Nc6 5. g3 Nf6 6. Bg2 Be7 7. O-O O-O 8. d3
Rb8 9. a4 a6 10. h3 d5 11. e5 Nd7 12. d4 f6 13. exf6 Bxf6 14. Ne2 cxd4 15.
Nexd4 Nc5 16. Kh2 Bd7 17. b3 Ne4 18. Bb2 Qc7 19. Nxc6 Bxb2 20. Nxb8 Nxg3 21.
Re1 Qxb8 22. Kxg3 Qxf4+ 23. Kf2 Bd4+ 24. Kf1 e5 25. c3 Qg3 26. cxd4 Bxh3 27.
Ra2 e4 28. Rc2 exf3 29. Bxh3 Qxh3+ 30. Kf2 Qh4+ 31. Ke3 Re8+ 32. Kd3 Qxe1 33.
Qxf3 Qe6 34. Rc5 Qe4+ 35. Qxe4 dxe4+ 36. Ke3 Re7 37. Rf5 Rf7 38. Rc5 Re7 39.
Rf5 g6 40. Rf1 Rf7 41. Rc1 Kf8 42. Kxe4 Ke8 43. Rc8+ Kd7 44. Rh8 Kd6 45. d5
Re7+ 46. Kd4 Rg7 47. Rd8+ Kc7 48. Rh8 g5 49. Ke5 Re7+ 50. Kf6 Kd6 51. Kxg5 Kxd5
52. Rc8 Re3 53. Rc7 Rxb3 54. a5 Rb5 55. Kh6 Kd6 0-1

[Event "Northern California International"]
[Site "?"]
[Date "2012.01.06"]
[Round "7"]
[White "Betaneli, Alex"]
[Black "Young, Angelo"]
[Result "0-1"]
[WhiteElo "2266"]
[BlackElo "2325"]
[PlyCount "80"]
[EventDate "2012.01.06"]
[SourceDate "2012.01.05"]

1. e4 c5 2. b3 b6 3. Bb2 Bb7 4. Nc3 Nc6 5. Nf3 e6 6. Bb5 Nd4 7. Bd3 Nf6 8. O-O
Nxf3+ 9. Qxf3 Bd6 10. Rae1 Qb8 11. g3 Be5 12. Nd1 h5 13. Qe2 h4 14. Bxe5 Qxe5
15. f4 Qd4+ 16. Qe3 hxg3 17. hxg3 Qxe3+ 18. Rxe3 Ng4 19. Ree1 f5 20. Nc3 Rh3
21. Rf3 Rh2 22. Re2 Rxe2 23. Bxe2 Bxe4 24. Nxe4 fxe4 25. Rf1 Nf6 26. g4 Ke7 27.
Kg2 Rh8 28. Kg3 d5 29. g5 Ne8 30. f5 Nd6 31. fxe6 Kxe6 32. Bg4+ Ke5 33. Kg2 b5
34. c3 a5 35. Kg3 b4 36. c4 dxc4 37. bxc4 Rb8 38. g6 a4 39. Bd1 Ra8 40. Bc2 Kd4
0-1